Normal view
MARC view
Entry Personal Name
001 - CONTROL NUMBER
- control field: 3289
003 - CONTROL NUMBER IDENTIFIER
- control field: OSt
005 - DATE AND TIME OF LATEST TRANSACTION
- control field: 20220823091949.0
008 - FIXED-LENGTH DATA ELEMENTS
- fixed length control field: 220823|| aca||aabn | a|a d
040 ## - CATALOGING SOURCE
- Original cataloging agency: OSt
- Transcribing agency: OSt
100 ## - HEADING--PERSONAL NAME
- Personal name: Kotalík, Jiří T.,
- Dates associated with a name: 1951-2020,
670 ## - SOURCE DATA FOUND
- Source citation: Work cat.: (OSt)0: Kotalík, Jiří T., 1951-2020,, Národná galéria v Prahe 1, 1987